Statistics for Liverpool Premier League XIs

Click here to take the quiz!

General Stats

  • This quiz has been taken 1,887 times
    (1,413 since last reset)
  • The average score is 53 of 112

Answer Stats

Answer% Correct
Mohamed Salah
99%
Alisson Becker
98%
Sadio Mané
97%
Virgil van Dijk
97%
Andrew Robertson
96%
Roberto Firmino
96%
Trent Alexander-Arnold
96%
Jordan Henderson
95%
Steven Gerrard
94%
Darwin Núñez
90%
Fabinho
89%
Joël Matip
88%
Joe Gomez
86%
Luis Suárez
86%
Diogo Jota
84%
Ibrahima Konaté
81%
Pepe Reina
81%
Fernando Torres
80%
Georginio Wijnaldum
80%
Jamie Carragher
80%
Simon Mignolet
80%
James Milner
78%
Michael Owen
77%
Daniel Sturridge
75%
Jerzy Dudek
75%
Xabi Alonso
75%
Cody Gakpo
74%
Curtis Jones
72%
Thiago Alcântara
72%
Rob Jones
71%
Dejan Lovren
70%
Philippe Coutinho
69%
Robbie Fowler
69%
Martin Škrtel
67%
Raheem Sterling
67%
Ian Rush
65%
Sami Hyypiä
63%
Dirk Kuyt
62%
John Arne Riise
61%
Harvey Elliott
60%
Glen Johnson
58%
Adam Lallana
57%
Daniel Agger
55%
Nathaniel Clyne
53%
Alberto Moreno
51%
Peter Crouch
51%
Emre Can
49%
Andy Carroll
48%
David James
48%
Milan Baroš
48%
Javier Mascherano
47%
Luis García
46%
John Barnes
45%
Emile Heskey
44%
Lucas Leiva
44%
Steve McManaman
44%
Mamadou Sakho
43%
Steve Finnan
42%
Harry Kewell
41%
Markus Babbel
41%
Joe Allen
40%
Dietmar Hamann
39%
Djibril Cissé
38%
Gary McAllister
36%
Jamie Redknapp
36%
Ryan Babel
36%
Djimi Traoré
35%
José Enrique
33%
Álvaro Arbeloa
31%
Bruce Grobbelaar
31%
Jon Flanagan
30%
Charlie Adam
29%
Paul Ince
29%
Stewart Downing
29%
Phil Babb
28%
Sander Westerveld
28%
Yossi Benayoun
28%
Craig Bellamy
26%
Danny Murphy
26%
Stéphane Henchoz
26%
Maxi Rodríguez
25%
Stan Collymore
25%
Fábio Aurélio
24%
Mark Wright
24%
Neil Ruddock
24%
Patrik Berger
23%
Mohamed Sissoko
22%
El Hadji Diouf
21%
Albert Riera
20%
Jermaine Pennant
20%
Raul Meireles
19%
Paul Konchesky
18%
Jason McAteer
17%
Emiliano Insúa
16%
Stig Inge Bjørnebye
15%
Igor Bišćan
14%
Michael Thomas
14%
Nick Barmby
14%
Steve Nicol
14%
Steve Staunton
14%
John Scales
13%
David Thompson
12%
Titi Camara
11%
Bjørn Tore Kvarme
10%
Dominic Matteo
10%
Mark Walters
10%
Vegard Heggem
10%
Øyvind Leonhardsen
9%
Steve Harkness
9%
Julian Dicks
8%
Don Hutchison
7%
David Burrows
6%

Score Distribution

Percentile by Number Answered

Percent of People with Each Score

Your Score History

You have not taken this quiz since the last reset